Ministerios: liturgia básica 4

Guardat en:
Dades bibliogràfiques
Format: Llibre
Idioma:espanyol
Publicat: Barcelona Centre de Pastoral Litúrgica 2018
Edició:1a. ed
Col·lecció:Dossiers CPL, 147
Matèries:
Etiquetes: Afegir etiqueta
Sense etiquetes, Sigues el primer a etiquetar aquest registre!

MARC

LEADER 00000cam a2200000 a 4500
001 UCC5373
003 CL-VaPUC
008 181005e20180000sp |||||||||||||||||spa|d
020 |a 9788491651192 
082 0 4 |a 262  |b MIN  |2 21 
245 1 0 |a Ministerios: liturgia básica 4 
250 |a 1a. ed 
300 |a 184 p 
942 |c BK 
945 |d 20181005 11:02:00  |a dcastane 
260 |a Barcelona  |b Centre de Pastoral Litúrgica  |c 2018 
650 7 |a MINISTERIOS  |2 CL-VaPUC  |9 351934 
650 0 |a Iglesia Católica  |9 256114 
583 |a last modification  |c 20181005 11:02:00  |k Rodrigo Vera 
490 0 |a Dossiers CPL, 147 
999 |c 372626  |d 372624 
952 |0 0  |1 0  |3 erb  |4 0  |6 262_000000000000000_MIN_2018  |7 0  |8 A  |9 490321  |a BIBTEO  |b BIBTEO  |i 5505186  |o 262 MIN 2018  |p 5505186  |r 2025-01-17  |w 2019-11-24  |y BK  |z Catalogado en:20181005  |k ICR